Planificación estratégica con enfoque de género
| Autores corporativos: | , |
|---|---|
| Formato: | Anais de Congresso Livro |
| Idioma: | espanhol |
| Publicado em: |
Panamá :
[s.n.],
1998
|
| Assuntos: |
MARC
| LEADER | 00000nam a2200000Ia 4500 | ||
|---|---|---|---|
| 008 | 170125b1 pn ||||| |||| 00| 0 spa d | ||
| 999 | |c 1298 |d 1298 | ||
| 090 | |a 04.02.03 |b 874 | ||
| 110 | 1 | |a Proyecto Forgen |9 2310 | |
| 245 | 1 | 0 | |a Planificación estratégica con enfoque de género |
| 260 | |a Panamá : |b [s.n.], |c 1998 | ||
| 300 | |a 1 volumen (en varias paginaciones) | ||
| 650 | 1 | 4 | |9 956 |a IGUALDAD DE GÉNERO |
| 650 | 1 | 4 | |a MUJERES |9 55 |
| 650 | 1 | 4 | |a ROLES DE LOS GÉNEROS |9 1030 |
| 711 | |a Seminario-Taller [1998 : Panamá] | ||
| 942 | |i 001451 |h 04.02.03 874 |2 z |c 01 | ||
